• 首页
  • 本馆介绍
  • 公告通知
  • 最新文献
  • 馆藏检索
  • 电子资源
  • 读者导购
  • 参考咨询
  • 我的图书馆
  • 登录
  • 详细信息显示
  • 放入我的书架
  • 预约/预借图书
  • 作者相关作品
  • 分类相关作品
  • 丛书相关作品
  • 出版社相关作品

书目信息

  • 表格格式
  • 工作单格式
  • 卡片格式
题名:
智力·人才与教学
    
 
作者: 王鉴清 著
分册:  
出版信息: 合肥   安徽人民出版社  1981
页数: 90页
开本: 19cm
丛书名:
单 册:
中图分类: G421
科图分类:
主题词: 教学理论
电子资源:
ISBN:
000 00599nam0 2200229 45
001 0181007120
005 20060810105332.12
010    @dCNY0.28
091    @aCN@b7102.775
100    @a19950703d1981 em y0chiy0121 ea
101 0  @achi
102    @aCN@b340000
105    @ay z 000yy
200 10 @a智力·人才与教学@Azhi li· ren cai yu jiao xue@f王鉴清著
210    @a合肥@c安徽人民出版社@d1981
215    @a90页@d19cm
606    @a教学理论
690    @aG421@v3
701  0 @a王鉴清@Awang jian qing@4著
801  0 @aCN@bTSSF@c20060810
801  2 @aCN@bNLC@c20060809
905    @a10447@dG421@e125
    
    智力·人才与教学/王鉴清著.-合肥:安徽人民出版社,1981
    90页;19cm
    
    
    ISBN :CNY0.28
    
●
相关链接 在E读中查询图书 在五车中查询图书 在当当中查询图书 在豆瓣中查询图书


正题名:智力·人才与教学     索取号:G421/125         预约/预借

序号 登录号 条形码 馆藏地/架位号 状态 备注
1 0447687   204476879   密集书库/ [索取号:G421/125] 在馆    
2 0447688   204476888   密集书库/ [索取号:G421/125] 在馆    
3 0448387   204483870   密集书库/ [索取号:G421/125] 在馆    
唐山师范学院图书馆 欢迎您!
大连网信软件有限公司© 版权所有